MARC details
| 000 -LEADER |
| fixed length control field |
02300nam a22003497a 4500 |
| 001 - CONTROL NUMBER |
| control field |
101018 |
| 003 - CONTROL NUMBER IDENTIFIER |
| control field |
KnowledgeUnlatched |
| 005 - DATE AND TIME OF LATEST TRANSACTION |
| control field |
20210303105200.0 |
| 006 - FIXED-LENGTH DATA ELEMENTS--ADDITIONAL MATERIAL CHARACTERISTICS |
| fixed length control field |
m o d |
| 007 - PHYSICAL DESCRIPTION FIXED FIELD--GENERAL INFORMATION |
| fixed length control field |
cr u|||||||||| |
| 008 - FIXED-LENGTH DATA ELEMENTS--GENERAL INFORMATION |
| fixed length control field |
210129p20122019xxk o u00| u eng d |
| 037 ## - SOURCE OF ACQUISITION |
| Institution to which field applies |
BiblioBoard |
| 020 ## - INTERNATIONAL STANDARD BOOK NUMBER |
| International Standard Book Number |
9780748630387 |
| 029 1# - OTHER SYSTEM CONTROL NUMBER (OCLC) |
| OCLC library identifier |
https://library.biblioboard.com/ext/api/media/90fc58ca-0fb0-4d91-9554-ffc92ca27681/assets/thumbnail.jpg |
| 040 ## - CATALOGING SOURCE |
| Original cataloging agency |
ScCtBLL |
| Transcribing agency |
ScCtBLL |
| 100 1# - MAIN ENTRY--PERSONAL NAME |
| Personal name |
Webb, David |
| Relator term |
author. |
| 245 00 - TITLE STATEMENT |
| Title |
Foucault's Archaeology |
| Remainder of title |
Science and Transformation / |
| Statement of responsibility, etc. |
David Webb. |
| 264 #1 - PRODUCTION, PUBLICATION, DISTRIBUTION, MANUFACTURE, AND COPYRIGHT NOTICE |
| Name of producer, publisher, distributor, manufacturer |
Edinburgh University Press, |
| 300 ## - PHYSICAL DESCRIPTION |
| Extent |
1 online resource (191 p.) |
| 506 0# - RESTRICTIONS ON ACCESS NOTE |
| Terms governing access |
Access copy available to the general public. |
| Standardized terminology for access restriction |
Unrestricted |
| Source of term |
star |
| 520 ## - SUMMARY, ETC. |
| Summary, etc. |
This book provides a new perspective on Foucault's The Archaeology of Knowledge by revealing the extent to which its approach to language was influenced by the mathematical sciences. Setting out this background to Foucault's analysis makes The Archaeology of Knowledge both accessible in a new way, and relevant to issues that are at the heart of much contemporary debate over the nature of critical thought and the relation between philosophy and the sciences. This book sheds new light on a crucial period of Foucault's work by highlighting his relation to thinkers such as Cavaillès and Serres. It aims to provide a reading of The Archaeology of Knowledge that puts it at the heart Foucault's thought. Rather than attempting a scientific study of language as such, Foucault is shown to have adopted a mode of thought indebted to thinkers in the scientific and epistemological tradition. |
| 588 0# - SOURCE OF DESCRIPTION NOTE |
| Source of description note |
Description based on print version record. |
| 590 ## - LOCAL NOTE (RLIN) |
| Local note |
KU Select 2017: Backlist Collection |
| 650 #7 - SUBJECT ADDED ENTRY--TOPICAL TERM |
| Topical term or geographic name entry element |
Philosophy / Movements / Deconstruction |
| Source of heading or term |
bisacsh |
| 650 #0 - SUBJECT ADDED ENTRY--TOPICAL TERM |
| Topical term or geographic name entry element |
Philosophy |
| 655 #0 - INDEX TERM--GENRE/FORM |
| Genre/form data or focus term |
Electronic books. |
| 758 ## - |
| -- |
Is found in: |
| -- |
Knowledge Unlatched |
| -- |
https://openresearchlibrary.org/module/2774bc74-146a-484f-a7ba-ab1d6a09bbfb |
| 856 40 - ELECTRONIC LOCATION AND ACCESS |
| Uniform Resource Identifier |
<a href="https://openresearchlibrary.org/content/90fc58ca-0fb0-4d91-9554-ffc92ca27681">https://openresearchlibrary.org/content/90fc58ca-0fb0-4d91-9554-ffc92ca27681</a> |
| Public note |
View this content on Open Research Library. |
| -- |
0 |